ბათუმის შოთა რუსთაველის სახელმწიფო უნივერსიტეტის ბიბლიოთეკა

ბავშვთა დაავადებების პროპედევტიკა : (ბიბ.ჩანაწერი № 57167)

000 -ლიდერი
ფიქსირებული სიგრძის საკონტროლო ველი 01200nam a22002537a 4500
003 - საკონტროლო ნომრის იდენტიფიკატორი
საკონტროლო ველი Ge_BSU
005 - ბოლო ოპერაციის თარიღი და დრო
საკონტროლო ველი 20191217115810.0
008 - ფიქსირებული სიგრძის მონაცემთა ელემენტები - ზოგადი ინფორმაცია
ფიქსირებული სიგრძის საკონტროლო ველი 191217s2004 ge ||||| |||| 00| 0 geo d
020 ## - წიგნის საერთაშორისო სტანდარტული ნომერი
International Standard Book Number 9992809477
041 ## - ენის კოდი
Language code of text/sound track or separate title geo
080 ## - უნივერსალური ათობითი კლასიფიკაციის ინდექსი
Universal Decimal Classification number 616.053.2(075.8) ხ-43
100 ## - მთავარი ჩანაწერი - პიროვნების სახელი
Personal name ხერხეულიძე, ნ.
9 (RLIN) 5812
245 ## - ცნობა სათაურის შესახებ
Title ბავშვთა დაავადებების პროპედევტიკა :
Remainder of title სახელმძღვ. სტუდენტებისათვის
Statement of responsibility, etc ნ. ხერხეულიძე ; რედ. მ. ხერხეულიძე.
250 ## - გამოცემის ცნობა
Edition statement მე-2 განახლ. გამოც.
264 ## - წარმოების, გამოცემის, დისტრიბუციის და სხვა ცნობები
გამოცემის, წარმოების, დისტრიბუციის... ადგილი თბილისი :
გამოცემის, წარმოების, დისტრიბუციის... სახელწოდება ეროვნული მწერლობა,
გამოცემის, წარმოების, დისტრიბუციის... თარიღი 2004.
300 ## - ფიზიკური აღწერა
Extent 648 გვ. :
Other physical details ცხ.,სურ. ;
Dimensions 24 სმ.
501 ## - შენიშვნა თანმხლებ მასალაზე
With note დანართები: გვ. 594-646.
653 ## - INDEX TERM--UNCONTROLLED
Uncontrolled term ბავშვთა დაავადებები
653 ## - INDEX TERM--UNCONTROLLED
Uncontrolled term სახელმძღვანელო
653 ## - INDEX TERM--UNCONTROLLED
Uncontrolled term მედიცინა
653 ## - INDEX TERM--UNCONTROLLED
Uncontrolled term პედიატრია
700 ## - ADDED ENTRY--PERSONAL NAME
Personal name ხერხეულიძე, მ.
Relator term რედაქტორი
9 (RLIN) 5813
942 ## - ADDED ENTRY ELEMENTS (KOHA)
Source of classification or shelving scheme
Koha item type წიგნი
ეგზემპლარები
ჩამოწერის სტატუსი დაკარგული ეგზემპლარის სტატუსი კლასიფიკაციის წყარო ან თაროზე გაწყობის სქემა მითითებული მასალები (აკინძული ტომები ან სხვა ნაწილი) დაზიანების სტატუსი არ გაიცემა მუდმივი მდებარეობა (დაცვის ადგილი) ამჟამინდელი ადგილსამყოფელი თაროზე განთავსების ადგილი შეძენის თარიღი ღირებულება, შესყიდვის ნორმალური ფასი სრული შენახვის შიფრი შტრიხკოდი ბოლო ოპერაციის თარიღი ეგზემპლარის მიმდევრობითი ნომერი (კეტერი?) ფასის ძალაში შესვლის თარიღი ეგზემპლარის სახეობა საჯარო შენიშვნა
      ქსეროასლი     ბათუმის შოთა რუსთაველის სახელმწიფო უნივერსიტეტის მთავარი ბიბლიოთეკა ბათუმის შოთა რუსთაველის სახელმწიფო უნივერსიტეტის მთავარი ბიბლიოთეკა წიგნსაცავი 2019-12-17 21.15 616.053.2(075.8) ხ-43 00590 2019-12-17 00590 2019-12-17 წიგნი 21 ლ. 15 თ.
      ქსეროასლი     ბათუმის შოთა რუსთაველის სახელმწიფო უნივერსიტეტის მთავარი ბიბლიოთეკა ბათუმის შოთა რუსთაველის სახელმწიფო უნივერსიტეტის მთავარი ბიბლიოთეკა წიგნსაცავი 2019-12-17 21.15 616.053.2(075.8) ხ-43 00589 2019-12-17 00589 2019-12-17 წიგნი 21 ლ. 15 თ.
      ქსეროასლი     ბათუმის შოთა რუსთაველის სახელმწიფო უნივერსიტეტის მთავარი ბიბლიოთეკა ბათუმის შოთა რუსთაველის სახელმწიფო უნივერსიტეტის მთავარი ბიბლიოთეკა წიგნსაცავი 2019-12-17 21.15 616.053.2(075.8) ხ-43 00588 2019-12-17 00588 2019-12-17 წიგნი 21 ლ. 15 თ.